• 首页
  • 本馆介绍
  • 公告通知
  • 最新文献
  • 馆藏检索
  • 电子资源
  • 读者导购
  • 参考咨询
  • 我的图书馆
  • 登录
  • 详细信息显示
  • 放入我的书架
  • 预约/预借图书
  • 作者相关作品
  • 分类相关作品
  • 丛书相关作品
  • 出版社相关作品

书目信息

  • 表格格式
  • 工作单格式
  • 卡片格式
题名:
寄小读者·山中杂记
    
 
作者: 冰心 著
分册:  
出版信息: 西安   未来出版社  2016
页数: 146页
开本: 22cm
丛书名: 孩子你慢慢来·走进文学大师们的童话世界
单 册:
中图分类: I286.6
科图分类:
主题词: 儿童文学--散文集--中国--现代
电子资源:
ISBN: 978-7-5417-5604-7
000 00779oam2 2200253 450
001 417674
005 20180527224834.42
010    @a978-7-5417-5604-7@b软精装@dCNY15.00
100    @a20170619d2016 cd y0chiy50 ea
101 0  @achi
102    @aCN@b610000
105    @aa z 000cy
200 1  @a寄小读者·山中杂记@9ji xiao du zhe · shan zhong za ji@f冰心[著]
210    @a西安@c未来出版社@d2016
215    @a146页@c图@d22cm
225 2  @a孩子你慢慢来·走进文学大师们的童话世界
225 2  @a未来童书文学馆@v033
461  0 @12001 @a孩子你慢慢来·走进文学大师们的童话世界
461  0 @12001 @a未来童书文学馆
606 0  @a儿童文学@x散文集@y中国@z现代
690    @aI286.6@v5
701  0 @a冰心@9bing xin@4著
801  0 @aCN@b91MARC@c20170619
905    @aMuseLib@dI286.6@e65
    
    寄小读者·山中杂记/冰心[著].-西安:未来出版社,2016
    146页:图;22cm.-(孩子你慢慢来·走进文学大师们的童话世界).-(未来童书文学馆;033)
    
    
    ISBN 978-7-5417-5604-7(软精装):CNY15.00
    
●
相关链接 在E读中查询图书 在五车中查询图书 在当当中查询图书 在豆瓣中查询图书


正题名:寄小读者·山中杂记     索取号:I286.6/65         预约/预借

序号 登录号 条形码 馆藏地/架位号 状态 备注
1 1112379   211123791   第一样本阅览室/ [索取号:I286.6/65] 在馆    
2 1112380   211123808   教育系资料室/ [索取号:I286.6/65] 在馆    
3 1112381   211123817   教育系资料室/ [索取号:I286.6/65] 在馆    
4 1112382   211123826   第二借阅区/ [索取号:I286.6/65] 在馆    
唐山师范学院图书馆 欢迎您!
大连网信软件有限公司© 版权所有